000 00674nam a2200217Ia 4500
008 191130s2000##################000#0#eng##
020 _a9780521018371
022 _a99011969
040 _aACL
_cACL
082 _a333.794 CAS
100 _aCassedy, Edward S
245 _aProspects for sustainable energy : a critical assessment
_cEdward S. Cassedy
260 _aCambridge
_bCambridge University Press
_c2000
300 _aix, 284 p. : ill. ; 25 cm
500 _aIncludes bibliographical references and index
650 _aEnergy policy
650 _aRenewable energy sources
990 _a5c0f911aac10000c743666466da91eb1
991 _a174090
999 _c284799
_d284799